Statistics for Which country has a higher nominal GDP?

Click here to take the quiz!

General Stats

  • This quiz has been taken 44 times
  • The average score is 7 of 10

Answer Stats

QuestionAnswer% Correct
Which country has a higher GDP?Kuwait
80%
Which country has a higher GDP?Armenia
77%
Which country has a higher GDP?Netherlands
74%
Which country has a higher GDP?South Korea
74%
Which country has a higher GDP?Brazil
71%
Which country has a higher GDP?Ireland
71%
Which country has a higher GDP?Kosovo
69%
Which country has a higher GDP?United Arab Emirates
66%
Which country has a higher GDP?Denmark
57%
Which country has a higher GDP?Iraq
37%

Score Distribution

Percentile by Number Answered

Percent of People with Each Score

Your Score History

You have not taken this quiz